Developing teams through project-based learning

Bibliographic Details
Main Author: Atkinson, Jean
Format: Book
Published: Hampshire : Gower , 2001
Subjects:

MARC

LEADER 00000cam a2200000 7i4500
001 0000010651
005 20050429.0
020 |a 0566083671 
040 |a INS 
090 0 0 |a HD66.   |b A85 2001 
100 1 |a Atkinson, Jean 
245 1 0 |a Developing teams through project-based learning   |c Jean Atkinson 
260 |a Hampshire :   |b Gower ,   |c 2001 
300 |a xii,152p ;   |c 24cm. 
650 0 0 |a Industrial project management 
650 0 0 |a Management 
650 0 0 |a Teams in the workplace 
999 |a 0000009720   |b BOOK   |c Open Shelf   |e Default branch